000 00614nam a2200229Ia 4500
003 GCL
008 140319s9999 xx 000 0 eng d
020 _a1563970899
040 _aGCL /
_cGCL
082 0 4 _aCH
_b500
_bM D
100 1 _aMYERS, JACK
245 1 0 _aDO CATS REALLY HAVE NINE LIVES ? /
_cMYERS, JACK
260 _aنيويورك :
_bBELL BOOKS ،
_c1990
650 0 4 _aLITERATURE
650 0 4 _aNATURAL SCIENCE
650 0 4 _aARABIC LITERATURE
650 0 4 _aFICTION
650 0 4 _aAMERICAN LITERATURE
650 0 4 _aARABIC FICTION
650 0 4 _aCHILDREN'S LITERATURE - AMERICAN
942 _2ddc
_cBK
999 _c18470
_d18470